[Event "GRE-chT Online Rapid op 1st"]
[Site "Tornelo INT"]
[Date "2021.02.21"]
[Round "5.27"]
[White "Oikonomidis, Spyridon"]
[Black "Keramaros, Vasileios"]
[Result "1-0"]
[WhiteElo "1319"]
[BlackElo "1041"]
[PlyCount "89"]
[EventDate "2021.02.20"]
[EventType "team-swiss (rapid)"]
[EventRounds "9"]
[EventCountry "GRE"]
[SourceTitle "EXT 2023"]
[Source "ChessBase"]
[SourceDate "2022.10.05"]
[SourceVersion "1"]
[SourceVersionDate "2022.10.05"]
[SourceQuality "1"]

1. d4 Nf6 2. c4 d5 3. cxd5 Nxd5 4. e4 Nb6 5. Nf3 Bg4 6. Be2 e6 7. 0-0 Nc6 8. Be3 Bxf3 9. Bxf3 Nc4 10. Qc2 Nxe3 11. fxe3 Qg5 12. Re1 Bb4 13. Nd2 Bxd2 14. Qxd2 0-0-0 15. Rac1 Nxd4 16. Qf2 Nxf3+ 17. Qxf3 Qf6 18. Qg3 c6 19. Re2 Qg6 20. Qe5 Rhe8 21. Rec2 Re7 22. Qa5 a6 23. e5 Qd3 24. Qb6 Qd7 25. Rxc6+ bxc6 26. Rxc6+ Qc7 27. Qxa6+ Kb8 28. Rb6+ Qb7 29. Rxb7+ Rxb7 30. b3 Rd1+ 31. Kf2 Rd2+ 32. Kf3 Ra7 33. Qc6 Raxa2 34. Qe8+ Kc7 35. Qxf7+ Kd8 36. Qxe6 Rf2+ 37. Ke4 Rxg2 38. Qd6+ Kc8 39. e6 Rg4+ 40. Kf3 Rg6 41. Qd7+ Kb8 42. e7 Rf6+ 43. Ke4 Rc2 44. e8Q+ Rc8 45. Qexc8# 1-0

[Event "GRE-chT Online Rapid op 1st"]
[Site "Tornelo INT"]
[Date "2021.02.21"]
[Round "7.25"]
[White "Oikonomidis, Spyridon"]
[Black "Sklavounos, Andreas"]
[Result "0-1"]
[WhiteElo "1319"]
[BlackElo "1330"]
[PlyCount "137"]
[EventDate "2021.02.20"]
[EventType "team-swiss (rapid)"]
[EventRounds "9"]
[EventCountry "GRE"]
[SourceTitle "EXT 2023"]
[Source "ChessBase"]
[SourceDate "2022.10.05"]
[SourceVersion "1"]
[SourceVersionDate "2022.10.05"]
[SourceQuality "1"]

1. d4 d5 2. c4 e5 3. dxe5 d4 4. Nf3 Nc6 5. g3 Nge7 6. Bg2 Ng6 7. 0-0 Be7 8. b3 0-0 9. Bb2 Ngxe5 10. Nxe5 Nxe5 11. Qxd4 Bf6 12. Qd2 Qe7 13. Rd1 Bf5 14. Nc3 Rfd8 15. Qe1 c6 16. Rxd8+ Rxd8 17. Rd1 Re8 18. e4 Bg4 19. Rd2 Bf3 20. Qe3 Bg5 21. Qe1 Bxd2 22. Qxd2 Rd8 23. Qf4 Bxg2 24. Kxg2 Nd3 25. Qd2 g5 26. Kg1 Nxb2 27. Qxb2 Qe5 28. Qc2 Qd4 29. Kg2 Qd2 30. Qxd2 Rxd2 31. e5 h6 32. g4 Rc2 33. Ne4 Rxa2 34. Kg3 Rb2 35. h4 Rxb3+ 36. Kg2 gxh4 37. Nf6+ Kg7 38. Ne8+ Kg6 39. Nd6 a5 40. f4 Rg3+ 41. Kf2 Rxg4 42. f5+ Kg7 43. Kf3 Rd4 44. f6+ Kf8 45. Nf5 Rxc4 46. Nxh6 a4 47. Nf5 a3 48. Nd6 Rc3+ 49. Kf4 a2 50. e6 fxe6 51. Nc8 a1Q 52. f7 Qa4+ 53. Ke5 Re3+ 54. Kd6 Qd4+ 55. Kc7 b5 56. Nb6 b4 57. Nd7+ Qxd7+ 58. Kxd7 Kxf7 59. Kc7 c5 60. Kd7 c4 61. Kd6 c3 62. Kd7 c2 63. Kd6 c1Q 64. Kd7 Qd2+ 65. Kc7 Rc3+ 66. Kb7 Qd5+ 67. Kb6 Rc6+ 68. Kb7 Qd7+ 69. Kb8 0-1